Enciclopedia internacional de cirugía / (Record no. 99029)

MARC details
000 -LEADER
campo de control de longitud fija 00769nam a2200181 i 4500
001 - NÚMERO DE CONTROL
campo de control 99029
003 - IDENTIFICADOR DE NÚMERO DE CONTROL
campo de control ES-MaACL
005 - FECHA Y HORA DE LA ÚLTIMA TRANSACCIÓN
campo de control 20230906182426.0
007 - CAMPO FIJO DE DESCRIPCIÓN FÍSICA--INFORMACIÓN GENERAL
campo de control de longitud fija t|
008 - DATOS DE LONGITUD FIJA--INFORMACIÓN GENERAL
campo de control de longitud fija 931025m18831888sp af e ||||1| spa d
245 00 - MENCIÓN DEL TÍTULO
Título Enciclopedia internacional de cirugía /
Mención de responsabilidad, etc. escrita por autores de varias naciones y publicada bajo la dirección del Doctor John Ashhurst ; versión hecha del inglés, dirigida, anotada y aumentada con artículos originales y una introducción por Juan Creus y Manso.
260 ## - PUBLICACIÓN, DISTRIBUCIÓN, ETC.
Lugar de publicación, distribución, etc. Madrid :
Nombre del editor, distribuidor, etc. [s.n.],
Fecha de publicación, distribución, etc. 1883-1888 (
Fabricante Nicolás Moya)
300 ## - DESCRIPCIÓN FÍSICA
Extensión 8 v. :
Otras características físicas il., XXXVI p. de lám. ;
Dimensiones 26 cm.
650 #4 - PUNTO DE ACCESO ADICIONAL DE MATERIA--TÉRMINO DE MATERIA
Término de materia o nombre geográfico como elemento de entrada Cirugía-
Subdivisión de forma Enciclopedias.
9 (RLIN) 173773
700 1# - ENTRADA AGREGADA--NOMBRE PERSONAL
Nombre de persona Ashhurst, John.
9 (RLIN) 23601
700 1# - ENTRADA AGREGADA--NOMBRE PERSONAL
Nombre de persona Creus y Manso, Juan.
9 (RLIN) 41578
852 4# - LOCALIZACIÓN
Ubicación ES-MaACL
Número de control de estantería B-11611-18
Holdings
Estatus retirado Estado de pérdida Estado de daño No para préstamo Colección Biblioteca de origen Biblioteca actual Ubicación en estantería Fecha de adquisición Fuente de adquisición Total de préstamos Signatura topográfica completa Código de barras Visto por última vez Precio de reemplazo Tipo de ítem Koha
        Colección de referencia Biblioteca del Ateneo de Madrid Biblioteca del Ateneo de Madrid Sala Pardo Bazán 17/01/2008     B-11611-18 1103390 23/02/2023 23/02/2023 Libro impreso antiguo